header

Tales from a not-so-fabulous life / (Record no. 262909)

MARC details
000 -LEADER
fixed length control field 00606nam a22002177a 4500
003 - CONTROL NUMBER IDENTIFIER
control field OSt
005 - DATE AND TIME OF LATEST TRANSACTION
control field 20240219124928.0
008 - FIXED-LENGTH DATA ELEMENTS--GENERAL INFORMATION
fixed length control field 240219b xxu||||| |||| 00| 0 eng d
010 ## - LIBRARY OF CONGRESS CONTROL NUMBER
LC control number 2008048567
020 ## - INTERNATIONAL STANDARD BOOK NUMBER
International Standard Book Number 9781416980063
International Standard Book Number 9780857074751 (paperback)
International Standard Book Number 1416980067
International Standard Book Number 9780857074751
040 ## - CATALOGING SOURCE
Transcribing agency RU
050 ## - LIBRARY OF CONGRESS CALL NUMBER
Classification number PZ7
Item number .R915935 2009
100 ## - MAIN ENTRY--PERSONAL NAME
Personal name Russell, Rachel Renee.
245 ## - TITLE STATEMENT
Title Tales from a not-so-fabulous life /
Statement of responsibility, etc Rachel Renée Russell.
260 ## - PUBLICATION, DISTRIBUTION, ETC. (IMPRINT)
Place of publication, distribution, etc New York :
Name of publisher, distributor, etc Aladdin,
Date of publication, distribution, etc c2009.
300 ## - PHYSICAL DESCRIPTION
Extent 282 p. :
Other physical details ill. ;
Dimensions 22 cm.
942 ## - ADDED ENTRY ELEMENTS (KOHA)
Source of classification or shelving scheme Library of Congress Classification
Koha item type Long Loan Books
Holdings
Withdrawn status Lost status Source of classification or shelving scheme Damaged status Not for loan Collection code Home library Current library Shelving location Date acquired Total Checkouts Full call number Barcode Date last seen Date checked out Price effective from Koha item type
    Library of Congress Classification     Fiction Rongo University Library Rongo University Library Children's Area 19/02/2024 2 PZ7 .R915935 2009 CL20233189 09/01/2026 27/05/2024 19/02/2024 Long Loan Books
    Library of Congress Classification     Fiction Rongo University Library Rongo University Library Children's Area 01/03/2024 1 PZ7 .R915935 2009 CL20233294 01/04/2025 20/11/2024 01/03/2024 Long Loan Books

© 2026 Rongo University
Contact us: librarian | system librarian | Rongo university